00709nam a2200241 a 4500001001300000003000900013005001700022008004100039020002300080082001300103100001900116245004500135260003900180300000900219500003500228505001000263650001700273700001900290902000800309942000700317952012600324999001700450nice12345678IN_TiNIC20260116014336.0110804s2011 jaia grp 000 0 eng  a9788131603901c99500a301bMOO aMoore, D Jerry aVisions of Cultureb An Annotated Reader aJaipur bRawat Publications c2011 a506p aincludes index and biblioraphy2 aIndex aAnthropology1 aMoore, D Jerry bSRS cBK 001040708StackRoom-aHMIbHMId2011-08-04g995.00l1o301 MOOp023656r2019-07-15s2019-07-11v995.00w2011-08-04yBK c14897d14897